000 00842nam a2200325Ia 4500
001 10075
005 20240113235204.0
007 ta
008 131101s1968 ii a g b000 u 465 u
020 _cHB
040 _aCotton College,Assam
041 _aeng
082 _a370.15
_bM 972 P
100 _aMursell, James L. .
245 0 _aPsychology for Modern Education /
_cJames L. Mursell.
_hTextual Documents
250 _a1st ed. /
260 _aNew Delhi :
_bSterling publishers ,
_c1968.
300 _ax, 610p. :
_bill. ;
_c22cm .
504 _aIndex
653 _aEducation-Psychology
653 _aEducational Psychology
653 _aPsychology-Education
653 _aMS-Education
942 _2ddc
_cBK
999 _c10062
_d10062